000 00299nam a22001217a 4500
008 230621b xxu||||| |||| 00| 0 eng d
082 _a328.17
_bWYO
100 _cWYO
245 _aRules
_bSenate and House of Representatives
260 _bWyoming Legislature
_c1994
300 _a48p
942 _2ddc
_cBK
999 _c2151
_d2151